|
|
|
|
| LEADER |
01145nam a2200337 a 4500 |
| 001 |
000549977 |
| 003 |
CZ BrMZK |
| 005 |
20100127152150.0 |
| 007 |
ta |
| 008 |
000115s1994 fr fre d |
| 020 |
|
|
|a 2-266-03402-2
|
| 040 |
|
|
|a BOA001
|b cze
|
| 080 |
|
|
|a (048.8)
|2 MRF
|
| 080 |
|
|
|a 284
|2 MRF
|
| 100 |
1 |
|
|a Weber, Max,
|d 1864-1920
|7 jn19990008962
|4 aut
|
| 245 |
1 |
3 |
|a L' éthique protestante et l'esprit du capitalisme ;
|b <<Les >>sectes protestantes et l'esprit du capitalisme /
|c Max Weber
|
| 260 |
|
|
|a [Paris] :
|b Plon,
|c 1994
|
| 300 |
|
|
|a 286 s. ;
|c 18 cm
|
| 490 |
1 |
|
|a Agora ;
|v 6
|
| 490 |
1 |
|
|a Pocket
|
| 504 |
|
|
|a Obsahuje bibliografii a rejstříky
|
| 541 |
|
|
|a Paris, Vivre Livres!
|
| 650 |
0 |
7 |
|a protestantské církve
|7 ph115899
|x kapitalismus
|2 czenas
|
| 650 |
0 |
7 |
|a kapitalismus
|7 ph121442
|x dějiny
|2 czenas
|
| 655 |
|
7 |
|a studie
|7 fd133597
|2 czenas
|
| 740 |
0 |
2 |
|a <<Les >>sectes protestantes et l'esprit du capitalisme
|
| 830 |
|
0 |
|a Agora (Paris)
|
| 830 |
|
0 |
|a Pocket
|
| 910 |
|
|
|a BOA001
|b 1-1089.822
|
| 990 |
|
|
|a BK
|
| 996 |
7 |
|
|b 2610141837
|c 1-1089.822
|l MZK
|r Sklad / do 1 hodiny
|n 5
|p p.v.
|w 000549977
|u 000010
|a 1
|e BOA001
|j MZK50
|s A
|